=LDR 00000nam 2200000 4500 =001 INLIS000000000048954 =005 20200205112759 =035 ##$$a 0010-011700000000235 =008 200205################g##########0#ind## =040 ##$$a NBPDMAT =082 ##$$a 025.49 =090 ##$$a 025.49 Tai d =100 ##$$a Tairas, J.N.B. =245 1#$$a Daftar tajuk subjek untuk perpustakaan, /$c J.N.B.Tairas, =250 ##$$a Cet. 6 =260 ##$$a Jakarta :$b Libri,$c 2014 =300 ##$$a xxix, 146 hlm. : $b 25 cm. ; $c 25 X 17 cm. =500 ##$$a Biografi : hlm. 146 =650 #4$$a Tajuk Subjek-Perpustakaan =700 #$$a Drs. Soekarman, K.MLS =020 ##$$a 978-979-687-807-6 =084 ##$$a 025.49 Tai d =990 ##$$a 21602112 =990 ##$$a 21602113